| 000 | 00392nam a22001577a 4500 | ||
|---|---|---|---|
| 020 | _a9789384247300 | ||
| 082 | _a001.42 GON | ||
| 100 | _aGondane G.G | ||
| 245 | _aResearch Methodology | ||
| 260 |
_aNew Delhi India _bChandralok Prakashan India _c2015 |
||
| 300 |
_a326 _bH.B |
||
| 500 | _aInclude Index | ||
| 650 | _aResearch Method | ||
| 700 | _aDr. G.G. Gondane | ||
| 942 | _cBK | ||
| 999 |
_c490562 _d490562 |
||